Quiz- 100 People in Asia - Statistics

General Stats
  • This quiz has been taken 28 times
  • The average score is 15 of 21
Answer Stats
People Answer % Correct
30 China
100%
30 India
96%
2 Vietnam
96%
6 Indonesia
93%
4 Bangladesh
89%
3 Japan
89%
5 Pakistan
89%
1 South Korea
89%
2 Thailand
81%
2 Iran
78%
1 Saudi Arabia
74%
1 Malaysia
70%
1 Myanmar
70%
1 Russia
70%
2 Turkey
70%
1 Iraq
67%
2 Philippines
67%
1 Afghanistan
52%
1 Nepal
48%
1 Uzbekistan
30%
1 Yemen
30%
No matching quizzes found
Score Distribution
Percent of People with Each Score
Percentile by Number Answered
Your Score History
You have not taken this quiz